Blindness and insight: essays in the Rhetoric of Contemporary Criticism
Na minha lista:
| Autor principal: | |
|---|---|
| Formato: | Livro |
| Idioma: | inglês |
| Publicado em: |
Minneapolis
University of Minnesota Press
1983
|
| Edição: | Second edition |
| Colecção: | Theory and History of Literatura,
7 |
| Assuntos: | |
| Tags: |
Adicionar Tag
Sem tags, seja o primeiro a adicionar uma tag!
|
MARC
| LEADER | 00000cam a2200000 a 4500 | ||
|---|---|---|---|
| 001 | UCC8199 | ||
| 003 | CL-VaPUC | ||
| 005 | 20231219104015.0 | ||
| 008 | 190607e19830000us |||||||||||||||||eng|d | ||
| 999 | |c 374572 |d 374570 | ||
| 020 | |a 0816611351 | ||
| 040 | |c Pontificia Universidad Católica de Valparaíso | ||
| 082 | 0 | 4 | |a 801.95 MAN 1983 |2 21 |
| 100 | |a Man, Paul de |e autor |9 441895 | ||
| 245 | 1 | 0 | |a Blindness and insight: |b essays in the Rhetoric of Contemporary Criticism |
| 250 | |a Second edition | ||
| 260 | |a Minneapolis |b University of Minnesota Press |c 1983 | ||
| 300 | |a 308 páginas | ||
| 490 | 0 | |a Theory and History of Literatura, |v 7 | |
| 583 | |a last modification |c 20190607 12:44:00 |k Rodrigo Vera | ||
| 650 | 0 | |a Literatura contemporánea |9 321959 | |
| 650 | 0 | |a Historia y crítica |9 257407 | |
| 942 | |c BK |2 ddc | ||
| 945 | |d 20190607 12:44:00 |a dcastane | ||
| 952 | |0 0 |1 0 |2 ddc |3 erb |4 0 |6 801_950000000000000_MAN_1983 |7 0 |8 A |9 493182 |a BIBART |b BIBART |i 5590809 |o 801.95 MAN 1983 |p 5590809 |r 2025-03-13 |t 1 |w 2019-11-24 |y BK |z Catalogado en:20190607 |k ART | ||